000 00840nab a2200253 u 4500
001 21014
003 HDC
007 cr bn ---aaaaa
008 210307c |r|noo 0 a d
040 _aHDC
100 _aNorhaspida Yatim,
_eauthor
_916051
245 0 _aSME CORP SEDIA BIAYA 25 PKS /
_cby Norhaspida Yatim
260 _a[No place] :
_b[publisher not identified],
_c2016
336 _atext
_2rdacontent
337 _acomputer
_2rdamedia
338 _aonline resource
_2rdacarrier
650 _aSmall business
_9208
650 _aSmall medium enterprise
_95098
710 _aSINAR HARIAN
856 _zRequest full-text at [email protected]
942 _2lcc
942 _cNEWS
942 _kNWSO 010136
999 _c18330
_d18330